[Event "BIH-chT"]
[Site "Neum"]
[Date "2004.05.29"]
[Round "1.4"]
[White "Vujadinovic, Goran"]
[Black "Runic, Zoran"]
[Result "0-1"]
[WhiteElo "2388"]
[BlackElo "2374"]
[Annotator "Meulders,R"]
[PlyCount "112"]
[EventDate "2004.05.29"]
[EventType "team"]
[EventRounds "9"]
[EventCountry "BIH"]
[SourceTitle "CBM 102"]
[Source "ChessBase"]
[SourceDate "2004.09.23"]
[SourceVersion "1"]
[SourceVersionDate "2004.09.23"]
[SourceQuality "1"]
[WhiteTeam "S Saraj"]
[BlackTeam "Sokolac"]
[WhiteTeamCountry "BIH"]
[BlackTeamCountry "BIH"]

1. Nf3 d6 2. d4 Nf6 3. g3 Nbd7 4. c4 e5 5. Nc3 Be7 6. Bg2 O-O 7. O-O c6 8. Qc2
Re8 9. Rd1 {[%csl Rd8][%cal Rd1d8,Gd4e5] Alles schon sehr oft dagewesen. Es
droht jetzt dxe5 und Schwarz verteidigt sich dagegen mit entweder Qc7 oder dem
Textzug.} Bf8 10. b3 a5 ({Oft werden} 10... a6 {um ...b5 spielen zu können}) ({
oder} 10... Qc7 {gespielt.}) 11. dxe5 dxe5 {Von dieser Stellung habe ich keine
anderen Beispiele gefunden.} 12. h3 $6 {Bereitet Be3 vor, aber Ng4 war keine
Drohung:} (12. Be3 Ng4 $2 13. Ng5 $1 $16 {[%csl Rh7][%cal Rc2h7]}) (12. Bg5 Qc7
13. Nh4 h6 14. Be3 Ng4 15. Bd2 $14) 12... Qc7 13. Be3 Bc5 $1 {Logisch, dass
Schwarz durch Abtausch etwas mehr Raum will. Sein schwarzfeldriger Läufer ist
auch weniger nützlich als der weiße Be3.} 14. Bxc5 Nxc5 $11 {Durch das
zögerndes h3 hat Schwarz eine gleiche Stellung erreicht.} 15. e4 $6 {Stoppt ...
e4 radikal, aber schwächt das Feld d4.} (15. Ng5 $11) 15... Qb6 (15... Be6 $5
16. Rd2 (16. Ng5 $2 h6 17. Nxe6 Nxe6 $15 {[%csl Rd4][%cal Ge6d4]}) 16... a4 $36
) 16. Rab1 Qb4 {[%csl Ra3,Rd4]} 17. Ne1 a4 $36 18. Qd2 axb3 19. axb3 Be6 {
[%csl Ga8,Gb4,Gc5,Ge6][%cal Ra7a1] Die schwarzen Figuren stehen etwas aktiver,
also vorläufig ein leichtes Plus für Schwarz. =/=+} 20. Nc2 $1 {So kann Weiss
das Gleichgewicht herstellen.} Qb6 21. b4 Na4 22. c5 Qc7 {[%csl Ge6][%cal
Re6a2,Re6h3] Der Be6 hat noch einen größeren Radius als zuvor, aber Weiß hat
jetzt einen Stützpunkt auf d6 für den Springer, falls er bis dahin gerät.} 23.
Nxa4 Rxa4 24. Qc3 $11 ({Es ist besser für Weiß die Damen auf dem Brett zu
halten, um den geschwächten Damenflügel mit zu verteidigen. Nach} 24. Qd6 Qxd6
25. Rxd6 Rea8 26. Rbd1 Kf8 $15 {hat Schwarz das bessere Endspiel.}) 24... Qc8
25. Kh2 h5 $6 (25... Qc7 $11) 26. Rd6 $6 (26. Ra1 $1 {erscheint mir logisch.
Der Ra4 stört zu viel am Damenflügel.} Rxa1 27. Qxa1 Qc7 28. Rd6 Bc4 29. Ne3
$14) 26... Ra2 $1 27. Rb2 Qa8 28. Ne3 Ra3 29. Qd2 h4 $6 {[%csl Ga3,Ga8,Rb2]
Sieht wie ein Zeitnotzug aus.} 30. Nc2 $6 (30. gxh4 $5 Nh5 31. Bf3 Nf4 32. Bg4
$14) 30... hxg3+ 31. fxg3 Ra2 32. Ne3 Qa3 33. Rxa2 Qxa2 34. Qxa2 Bxa2 $11 35.
g4 {[%cal Gg4g5]} Be6 36. g5 Nh7 (36... Nh5) 37. h4 Ra8 $1 {Endlich geht der
zweite Turm auch an die Arbeit.} 38. Bf1 $2 ({Zu passiv. Nach} 38. b5 cxb5 39.
Rb6 Ra7 40. Rxb5 $11 {hätte Weiß kein einziges Problem.}) 38... Nf8 39. Bc4 $2
(39. b5) 39... Ra4 $1 {Während sein weißer Kollege arbeitslos guckt und
dasteht, ist der schwarze Turm fleißig beschäftigt.} 40. Rd8 {Na endlich, aber
Weiß ist inzwischen in die Verteidigung gedrängt.} Rxb4 41. Bxe6 fxe6 $17 42.
Ng4 Rxe4 43. Kg3 Rd4 44. Rb8 {Die lage sieht seht schlimm aus für Weiss aber
jetzt steht sein Turm wenigstens sehr aktiv und Schwarz muss auf seine
schwache 8te Reihe achten.} Rd3+ 45. Kg2 e4 $2 {Zu ungeduldig.} ({Mit} 45...
Rd5 $1 {[%csl Rc5,Ge5] hätte Schwarz zwei Fliegen mit einer Klappe geschlagen.}
46. Rxb7 Rxc5 $17) 46. Ne5 (46. Rxb7 Ng6 47. h5 Nf4+ 48. Kf1 Rf3+ 49. Ke1 Nxh5
50. g6 Rf5 51. Ne5 Nf4 52. Kd2 Nxg6 53. Nxg6 Kh7 54. Ne7 Rxc5 55. Ke3 $11)
46... Rd2+ 47. Kg3 e3 48. Kf3 Kh7 49. h5 $4 {Der letzte Fehler verliert, wie
immer.} (49. Kxe3 $1 $11) 49... Rd5 $1 $19 50. g6+ Kg8 $1 {Wahrscheinlich
hatte Weiß diesen einfachen Rückzug übersehen.} (50... Kh6 {verdirbt den
Gewinn:} 51. Ng4+ Kg5 (51... Kxh5 52. Nf6+ $3 gxf6 53. g7 $18) 52. Rxf8 Rxc5 (
52... Kxh5 $4 53. Nf6+ $1 gxf6 54. g7 $18) 53. h6 Kxg6 54. Rg8 Rf5+ 55. Kxe3
Rf7 $11) 51. Nf7 Rxh5 52. Nd8 Nxg6 $1 {Keine Angst vor einem Gespenst wie zum
Beispiel ein harmloses Abzugsschach.} 53. Nxe6+ Kf7 54. Nd8+ Ke7 55. Nxb7 Rh3+
56. Ke2 Nf4+ (56... Nf4+ 57. Kd1 e2+ 58. Kd2 Rd3+ 59. Ke1 Rd1+ {usw.}) 0-1

[Event "Olympiad-36"]
[Site "Mallorca"]
[Date "2004.10.22"]
[Round "7"]
[White "Xu, Jun"]
[Black "Campora, Daniel Hugo"]
[Result "1/2-1/2"]
[WhiteElo "2589"]
[BlackElo "2549"]
[Annotator "Meulders,R"]
[PlyCount "80"]
[EventDate "2004.10.15"]
[EventType "team-swiss"]
[EventRounds "14"]
[EventCountry "ESP"]
[SourceTitle "CBM 104"]
[Source "ChessBase"]
[SourceDate "2005.01.27"]
[SourceVersion "1"]
[SourceVersionDate "2005.01.27"]
[SourceQuality "1"]
[WhiteTeam "China"]
[BlackTeam "Argentina"]
[WhiteTeamCountry "CHN"]
[BlackTeamCountry "ARG"]

1. d4 Nf6 2. c4 d6 3. Nc3 e5 4. Nf3 exd4 5. Nxd4 Be7 6. e4 O-O 7. Be2 Re8 8.
O-O Bd7 9. f4 Nc6 10. Nc2 Bf8 11. Bf3 g6 (11... h6 12. Bd2 g6 13. Be1 Nh7 14.
Nd5 Bg7 15. Bc3 Bxc3 16. Nxc3 Ne7 17. Ne3 Kg7 18. Qd4+ f6 19. Rae1 Ng8 20. Qd2
Bc6 21. Qf2 $16 {1/2-1/2 Ojanen,K-Vestol,A/Moscow 1956/MCD (51)}) 12. Kh1 Bg7
13. c5 $1 Be6 (13... dxc5 14. e5 Nh5 15. g4 (15. Bxh5 gxh5 16. Qxh5 Nd4 $11)
15... Nxf4 16. Bxf4 Nxe5 17. Bxe5 Bxe5 18. Bxb7 Qh4 19. Qd2 Rad8 {ist eine
pikante Variante, die man sich mal anschauen kann.}) 14. cxd6 cxd6 15. Ne3 {
[%csl Rd6][%cal Ge3d5,Gc3d5,Gf3d5] Positionell steht Weiß schon sehr gut.} Na5
16. f5 $1 Bc4 $6 ({Auch nach} 16... Bc8 17. Rb1 {/\ b4 ist Weiß am Ruder.}) 17.
Re1 (17. Nxc4 $1 {Erscheint logischer. Weiß nimmt das Läuferpaar und ergreift
die Initiative:} Nxc4 18. fxg6 hxg6 19. Qb3 Qc8 20. Be2 Na5 21. Qa4 $16) 17...
Rc8 18. b4 Ba6 19. Bd2 Nc4 20. b5 $6 (20. Nxc4) 20... Nxd2 21. Qxd2 Rxc3 $1 22.
Qxc3 Bxb5 ({Offensichtlich ist} 22... Nxe4 {eine wichtige Alternative. Eine
mögliche Variante ist:} 23. Qc2 Bxa1 24. bxa6 Qh4 25. Rxa1 Ng3+ 26. Kg1 Qd4 27.
Rd1 Qxe3+ 28. Qf2 Qxf2+ 29. Kxf2 Ne4+ 30. Bxe4 Rxe4 31. axb7 Rb4 32. f6 Rxb7
33. Rxd6 h5 34. Ke3 $11) 23. Qb4 Bc6 {[%csl Ra1,Re4][%cal Gc6e4,Gf6e4,Ge8e4,
Gg7a1]} 24. fxg6 hxg6 25. Nc4 {[%csl Rd6] Jetzt kommt ein kleines Feuerwerk,
dass zu einer Stellung mit ungleichem Material führt, in der Schwarz gute
taktische Chancen haben könnte.} Nxe4 26. Bxe4 Rxe4 27. Rxe4 Bxe4 28. Rd1 Qh4 {
Führt zu einem theoretische Plus ohne reelle Gewinnchancen.} ({Weniger
verflachend ist} 28... Qg5 $5 29. Qd2 Qh5 30. Re1 (30. Nxd6 Be5 $19) 30... Qh4
31. Qe2 d5 32. Nd2 Bc3 (32... Be5 33. Nf3 $15) 33. Rc1 Be5 34. Nf3 Qh5 {
[%csl Re2] /\ ...Bxh2} 35. h3 Kg7 36. Qe3 Bxf3 37. Qxf3 Qxf3 38. gxf3 Kf6 $17)
29. Qxd6 Bxg2+ 30. Kxg2 Qxc4 31. Qd8+ Bf8 32. Qd5 Qc7 33. Rf1 b6 34. h4 $1 Bc5
35. h5 Qe7 36. Kh3 Kg7 37. Rf3 a5 38. a4 Bg1 39. h6+ Kxh6 40. Qxf7 Qxf7 1/2-1/2

[Event "Asia-ch 5th"]
[Site "Hyderabad"]
[Date "2005.10.12"]
[Round "6"]
[White "Wang, Yue"]
[Black "Filippov, Anton"]
[Result "1-0"]
[WhiteElo "2585"]
[BlackElo "2478"]
[Annotator "Meulders,R"]
[PlyCount "53"]
[EventDate "2005.10.05"]
[EventType "swiss"]
[EventRounds "9"]
[EventCountry "IND"]
[SourceTitle "CBM 110"]
[Source "ChessBase"]
[SourceDate "2006.01.31"]
[SourceVersion "1"]
[SourceVersionDate "2006.01.31"]
[SourceQuality "1"]

1. d4 d6 2. c4 e5 3. Nc3 Nd7 4. Nf3 Ngf6 5. g3 c6 6. d5 Be7 7. Bg2 O-O 8. O-O
cxd5 9. cxd5 a6 {Schwarz kann auch sofort das Feld c5 für den Springer sichern,
z.B.} (9... a5 10. Nd2 Nc5 11. Nb3 b6 (11... Qc7 12. Be3 Ng4 13. Bxc5 dxc5 14.
h3 Nf6 15. Nb5 Qb6 16. d6 Bd8 17. a4 Be6 18. Rc1 Rc8 {mit gleichem Spiel.}) 12.
Nxc5 bxc5 13. e4 Nd7 14. Qc2 Ba6 15. Re1 Bg5 16. Bf1 Bxc1 17. Raxc1 Bxf1 18.
Kxf1 g6 {1/2-1/2 Ilivitzki,G-Bronstein,D/Moscow 1952 (33) die beiden
schlechten Läufer sind abgetauscht und viel Musik gibt es nicht mehr in der
Stellung.}) 10. a4 a5 {[%csl Rb5] Sicherer erscheint es mir dass Schwarz eine
Igelstellung einnimmt:} (10... b6 11. h3 Bb7 12. Be3 Ne8 13. a5 $6 b5 14. Qb3
$6 (14. b4) 14... Rb8 15. Na2 Nef6 16. Nb4 Nc5 17. Bxc5 dxc5 18. Nc6 Bxc6 19.
dxc6 Qc7 $15 {0-1 Ridout,H-Bohatirchuk,F/Vancouver 1951 (40)}) 11. Nd2 Nc5 12.
Nc4 Bf5 13. Be3 Rc8 14. Rc1 Re8 {Ziemlich Schablone.} (14... Ng4 {ist aktiver.}
) 15. Nb5 h6 {Auch wieder passiv.} (15... Bd7 $5 16. Bxc5 Rxc5 17. Nbxd6 Bxd6
18. Nxd6 Bxa4 19. Qxa4 Qxd6 $11) 16. Na7 $1 {Durch eine Ablenkung bekommt Weiß
bald einen riesenstarken Freibauern.} Ra8 17. Bxc5 $1 dxc5 18. Nb5 $16 {
[%csl Gd5][%cal Gd5d6] Auftrag erledigt; das Ross kontrolliert nun mit seinem
Partner das Feld d6.} Qb8 19. Qd2 Rd8 20. Rfd1 e4 21. d6 Bf8 22. Qe3 (22. Nc7
Ra7 23. Nd5 Ne8 24. Qf4 (24. Nce3 Bd7 25. Qc2 $14 {[%cal Gc2a4,Rd7a4]}) 24...
Be6) 22... Ra6 $2 (22... b6 23. f3 Qb7 24. fxe4 Bxe4 25. Bxe4 Nxe4 26. Nxb6 Ng5
27. Nd5 $16) 23. Qxc5 $18 Be6 24. Qc7 Bd7 25. Ne5 Bxb5 26. Qxf7+ Kh7 27. Bh3
1-0

[Event "Qatar Masters op"]
[Site "Doha"]
[Date "2014.11.28"]
[Round "3"]
[White "Tari, Aryan"]
[Black "Efimenko, Zahar"]
[Result "0-1"]
[WhiteElo "2479"]
[BlackElo "2644"]
[Annotator "Meulders,R"]
[PlyCount "56"]
[EventDate "2014.11.26"]
[EventType "swiss"]
[EventRounds "9"]
[EventCountry "QAT"]
[SourceTitle "CBM 164"]
[Source "ChessBase"]
[SourceDate "2015.01.15"]
[SourceVersion "1"]
[SourceVersionDate "2015.01.15"]
[SourceQuality "1"]
[WhiteClock "1:30:30"]
[BlackClock "1:30:30"]

1. d4 Nf6 2. c4 d6 3. Nc3 e5 4. Nf3 (4. dxe5 {leads to a completely different
game. It's favoured by those who want a microscopic advantage and who have a
lot of patience, though in principle the early queen swap should not be
dangerous for Black.} {The Russian GM Epishin has a few games with this early
exchange in the database. He illustrates what may be the most dangerous line
for Black: an assault with an early Rg1 and g4 by White, e.g.} dxe5 5. Qxd8+
Kxd8 6. Nf3 Nfd7 7. g4 f6 8. Rg1 Na6 9. b3 Nb4 10. Kd1 a5 11. a3 Na6 12. Kc2 c6
13. g5 Ndc5 14. gxf6 gxf6 15. Be3 Be6 16. Kb2 Kc7 17. Rg3 Rd8 18. Bh3 Bf7 19.
Rag1 Ne6 20. Ne4 Nf4 21. Nxf6 Bg6 22. Ng5 Bg7 23. Nfe4 Nxe2 24. Ne6+ Kb8 25.
Rxg6 hxg6 26. Rxg6 Rd3 27. Bg4 Nd4 28. Bxd4 Rxh2 29. Bb6 {1-0 (29) Epishin,V 
(2567)-Hoi,C (2413) Luebeck 2011}) 4... e4 5. Ng5 Qe7 6. g3 (6. Qc2 Nc6 7. d5
Nd4 8. Qb1 e3 9. fxe3 (9. Bxe3 Bf5 10. Nge4 Nxe4 11. Bxd4 Ng3 12. Qc1 Nxh1 13.
g3 a6 14. Bg2 Nxf2 15. Kxf2 f6 $17) 9... Nf5 10. e4 Nh4 11. g3 Ng6 12. Bh3 (12.
Bg2 $14) 12... Ne5 13. Bxc8 Rxc8 14. Qc2 Nfd7 (14... Nxc4 $4 15. Qa4+ $18) 15.
Nh3 h6 16. b3 $14 {Najer,E (2681)-Haba,P (2541) Germany 2009 1-0 (35)}) 6... h6
7. Nh3 Bf5 8. Nf4 c6 9. Qb3 $146 g6 10. Bd2 Bg7 11. O-O-O Na6 12. h3 Rb8 13. g4
Bd7 14. f3 $2 (14. Qa3 {is better, not only to slow down the advance of the
black b-pawn, but especially to prevent Black from driving a wedge into the
white position with ...e3.}) 14... e3 15. Be1 b5 16. Qa3 $2 (16. cxb5 $1 g5 17.
Qa3 gxf4 18. Qxa6 cxb5 19. Bh4 Be6 (19... O-O 20. Ne4 {with an unclear
position in which White has chances to hold the balance.})) 16... Nc7 17. Qxa7
$2 {After this the black advance on the queenside proves unstoppable.} (17. Bg3
bxc4 18. Ng2 Bf8 19. Qxa7 Rc8 20. Qa4 Ncd5 21. Qxc4 Bg7 22. Rd3 O-O 23. Kb1 Be6
24. Nxe3 Nf4 25. Qa6 Ra8 26. Qxa8 Rxa8 27. Bxf4 Ne8 $17) 17... Qd8 $17 18. cxb5
cxb5 19. d5 (19. Qa5 b4 $19) 19... O-O 20. a3 (20. Qxe3 b4 21. Ne4 Nxe4 22.
Qxe4 Re8 23. Qc2 Qf6 24. Ng2 Ba4 $19) (20. b4 g5 21. Nh5 Nxh5 22. gxh5 Ra8 23.
Qxe3 Qc8 24. Rd3 Rxa2 $19) 20... b4 21. axb4 Rxb4 22. Nd3 Rb8 $19 {There are
just too many black threats; this is like a shooting-gallery.} 23. Qa2 Qc8 24.
Kb1 Qb7 25. Ne4 Nxe4 26. fxe4 Ra8 27. Qc4 Rfb8 28. e5 (28. Nb4 Na6 $19) 28...
Bxe5 0-1

[Event "EU-chT (Men) 15th"]
[Site "Gothenburg"]
[Date "2005.07.30"]
[Round "1.2"]
[White "Moiseenko, Alexander"]
[Black "Lopez Martinez, Josep Manuel"]
[Result "1-0"]
[WhiteElo "2664"]
[BlackElo "2507"]
[Annotator "Meulders,R"]
[PlyCount "43"]
[EventDate "2005.07.30"]
[EventType "team-swiss"]
[EventRounds "9"]
[EventCountry "SWE"]
[SourceTitle "CBM 109"]
[Source "ChessBase"]
[SourceDate "2005.11.14"]
[SourceVersion "1"]
[SourceVersionDate "2005.11.14"]
[SourceQuality "1"]
[WhiteTeam "Ukraine"]
[BlackTeam "Spain"]
[WhiteTeamCountry "UKR"]
[BlackTeamCountry "ESP"]

1. d4 Nf6 2. c4 d6 3. Nc3 e5 4. Nf3 e4 $6 {Natürlich ist dieser Zug spielbar,
aber ich finde Schwarz sollte doch eigentlich nicht gegen das Gebot sündigen,
dass die weniger entwickelte Seite nicht versucht als erster aktiv zu werden.}
5. Ng5 Qe7 {Notwendig, aber die Dame steht hier nicht gut.} 6. f3 exf3 7. gxf3
g6 (7... h6 8. Nh3 Nc6 9. e4 Bd7 10. Be3 Qd8 11. Rg1 $14) 8. e4 (8. Bg2 Bg7 9.
O-O Nc6 10. e4 O-O 11. Be3 Bd7 12. Qd2 Rae8 13. Nh3 Qd8 14. Nf2 Nh5 15. f4 f5
16. e5 g5 17. e6 gxf4 18. Bxf4 Rxe6 19. Bg5 {1/2-1/2 Andruet,G-Apicella,M/
Rouen 1987 (19)}) 8... Bg7 9. Nh3 Bxh3 $6 {Eigentlich möchte Schwarz den
Läufer behalten, aber er möchte sich schnellstens entwickeln, und Qe7 steht im
Wege.} (9... Nc6 10. Be3 O-O 11. Bg5 Qe8 12. Qd2 Bd7 13. O-O-O {und Weiß hat
die Stellung im Griff.}) 10. Bxh3 Nxe4 {Die logische taktische Folge, aber
erneut vernachlässigt Schwarz die Entwicklung.} (10... Nc6 11. Bg5 h6 12. Bh4
g5 13. Bf2 Nd7 14. Nd5 $16) 11. Nxe4 Qh4+ 12. Nf2 Bxd4 13. O-O Bxf2+ 14. Kg2 $1
Bd4 $8 (14... Bb6 $4 15. Qe1+ Qxe1 16. Rxe1+ $18) 15. Re1+ Kd8 $8 (15... Kf8
16. Qxd4 Qxd4 17. Bh6+ Qg7 18. Re8+ Kxe8 19. Bxg7 {1-0 Savchenko,S-Savon,V/
Alushta 1999 (19)}) 16. Re4 Qf2+ {Alles immer erzwungen.} 17. Kh1 Bf6 $8 18.
Be3 Qxb2 19. Rb1 Qc3 (19... Qxa2 20. c5 $18) 20. Qd5 {Schwarz hat nicht
weniger als 3 Bauern mehr, aber seine Figuren machen nicht mit und der weiße
Hannibal steht ins Haus!} Nc6 21. c5 $1 {Völlige Zerschmetterung!} Be7 22. cxd6
{Eine bittere Lektion...} (22. cxd6 cxd6 23. Rxb7 $18) 1-0

[Event "Bundesliga 0405"]
[Site "Germany"]
[Date "2005.01.30"]
[Round "9.2"]
[White "Gabriel, Christian"]
[Black "Hickl, Joerg"]
[Result "1-0"]
[WhiteElo "2556"]
[BlackElo "2530"]
[Annotator "Meulders,R"]
[PlyCount "65"]
[EventDate "2004.11.12"]
[EventType "team-tourn"]
[EventRounds "15"]
[EventCountry "GER"]
[SourceTitle "CBM 106"]
[Source "ChessBase"]
[SourceDate "2005.06.06"]
[SourceVersion "1"]
[SourceVersionDate "2005.06.06"]
[SourceQuality "1"]
[WhiteTeam "Solingen"]
[BlackTeam "Hofheim"]
[WhiteTeamCountry "GER"]
[BlackTeamCountry "GER"]

1. d4 {Ftacnik} d6 2. Nf3 Nf6 3. c4 Nbd7 4. Nc3 e5 5. Bg5 Be7 6. e3 Ng8 7. Bxe7
Nxe7 {Hickl hat mit dieser Stellung schon viel Erfahrung.} 8. Qc2 (8. Be2 Nc6
9. O-O O-O 10. Re1 exd4 11. Nxd4 Nxd4 12. Qxd4 a5 13. f4 Nc5 14. Bf3 Bd7 15.
Bd5 Kh8 16. Rad1 $11 {1-0 Gulko,B-Hickl,J/Munich 1990 (41)}) 8... Nc6 (8... O-O
9. dxe5 Nxe5 10. Nxe5 dxe5 11. Rd1 Qe8 12. Be2 Be6 13. O-O Rd8 14. Qb3 Qc6 15.
Qa3 Ng6 16. Bf3 Qxc4 17. Bxb7 $16 {1-0 Borovikov,V-Hickl,J/Chalkidiki 2002 (30)
}) 9. Rd1 {Ftacnik: 'Hickl likes to play this line, since dark squared bishops
are off the board and it is easy for black to finish the development. On the
other hand white has better control of the center so equality still has to be
won.'} (9. Be2 O-O 10. dxe5 Ncxe5 11. O-O-O a5 12. h4 Nxf3 13. gxf3 Nc5 14.
Rhg1 Be6 15. Nb5 f5 16. Rg5 Rf7 $11 {0-1 Ribli,Z-Hickl,J/Dortmund 1987 (64)}) (
9. O-O-O O-O 10. Bd3 g6 11. a3 f5 12. Be2 e4 13. Nd2 Nf6 14. h3 Ne7 15. Rhg1 c6
16. g4 d5 17. g5 $16 {1/2-1/2 Dautov,R-Hickl,J/Switzerland 2003 (22)}) 9...
exd4 10. Nxd4 $14 O-O (10... Nxd4 11. exd4 O-O 12. Be2 Re8 13. O-O $14) 11. Be2
(11. Bd3 Nb4 12. Bxh7+ Kh8 13. Qb1 Ne5 14. Be4 Nxc4 15. O-O Bg4 16. Bxb7 Bxd1
17. Qxd1 Ne5 18. Bxa8 Qxa8 19. f4 $18) ({Hier und im Weiteren hätte die
Verschlechterung der schwarzen Bauernstellung durch} 11. Nxc6 {Weiß doch ein
kleines Plus geliefert.} bxc6 12. Be2 f5 13. O-O $14) 11... Nc5 12. O-O (12.
Nxc6 bxc6 13. Bf3 Bd7 14. b4 Ne6 15. b5 $14) 12... a5 13. Ndb5 {'!?' Ftacnik.
Ftacnik: 'Gabriel decides to keep both knights on the board putting pressure
on his opponent's position. '} Be6 14. f4 $6 {[%cal Gf4f5]} (14. Nd5 Nb4 15.
Qb1 $14) 14... f5 $11 15. b3 Kh8 (15... a4 {Ftacnik} 16. Nxa4 Nxa4 17. bxa4 Qe7
18. Bf3 $11) 16. Bf3 Rf7 17. g3 (17. Bxc6 {Ftacnik} bxc6 18. Nd4 Qd7 19. Qf2
Re8 $11) 17... Qf6 18. Qg2 {[%csl Rc6][%cal Gf3b7]} Re8 (18... Ra6) 19. Nd4 ({
Ich begreife nicht, warum nicht mit} 19. Bxc6 bxc6 20. Qxc6 {zugegriffen wird}
Bd7 21. Qf3 $16 Bxb5 {Ftacnik} 22. Nxb5 Ne4 $44) 19... Bd7 $2 {Ftacnik: 'Hickl
has probably missed white's idea of pressure against the c7 square with the
complete white cavalry.'} (19... Nd8 $1 20. Bh5 {Ftacnik} g6 21. Bf3 Rfe7 $11)
20. Nd5 $14 Qd8 21. Nb5 $1 {} Be6 22. Bh5 $1 {Eine typische Art, um eine
Bauernstellung zu schwächen.} g6 {[%csl Ra1][%cal Ra1h8]} 23. Bf3 (23. Qb2+ {
Ftacnik} Kg8 24. Bf3 Nb4 25. Nbxc7 Rxc7 26. Nf6+ Kf7 27. Nxe8 Qxe8 28. a3 Nc6
29. Rxd6 Kg8 30. Rfd1 $14) 23... Kg7 (23... Rg7 {Ftacnik} 24. Qd2 Bxd5 25. cxd5
Nb8 26. Qxa5 Rxe3 27. Rde1 $14) 24. Qb2+ (24. Ndxc7 $6 {Ftacnik} Rxc7 25. Nxd6
Bd7 26. Qb2+ Qf6 27. Nxe8+ Bxe8 28. Qxf6+ Kxf6 29. Rd2 $11) 24... Kh6 {'?'
Ftacnik. Ftacnik: 'Original, but definitely wrong retreat of the king. White
will simply concetrate on getting access to the monarch and the defender has
no real antidote to it.' Erkältend, ein K auf h6.} ({aber auch} 24... Kg8 25.
Nbxc7 Rxc7 26. Nf6+ {'+/=' Ftacnik.} Kf7 27. Nxe8 Qxe8 28. Rxd6 {ist kein
Picknick.}) 25. h3 (25. Ndxc7 Rxc7 26. Nxd6 Qe7 27. Nxe8 Qxe8 $16) 25... g5 $4
{Tapfer, aber übersieht eine kleine, sofort verlierende Möglichkeit.} (25...
Bxd5 26. Bxd5 Qf6 27. Qxf6 Rxf6 28. Nxc7 Rxe3 29. Bf3 $16) 26. g4 $2 (26. Ndxc7
$1 Rxc7 27. Nxc7 $18 {[%csl Rh6][%cal Gb2f6]}) 26... Bxd5 {Uff, vorläufig
gerettet, aber Weiß steht noch immer weit überlegen.} (26... Ref8 {Ftacnik} 27.
fxg5+ Qxg5 28. Nbxc7 $16) 27. Bxd5 $18 Rg7 (27... Rff8) 28. Bxc6 bxc6 29. Nd4
$18 {Ftacnik: 'The consequences of king's forray are tragical, finally black
position is falling apart.'} Rf8 30. fxg5+ Qxg5 31. Kh2 (31. Nxf5+ Rxf5 32.
Rxf5 Qxe3+ (32... Qxf5 33. Qxg7+ {/\ gxf5}) 33. Kg2 $18) 31... fxg4 $4 (31...
Rgf7 $18) 32. Rxf8 g3+ 33. Kg2 1-0

[Event "Moscow Aeroflot op-A"]
[Site "Moscow"]
[Date "2005.02.16"]
[Round "2"]
[White "Aronian, Levon"]
[Black "Solak, Dragan"]
[Result "1-0"]
[WhiteElo "2684"]
[BlackElo "2596"]
[Annotator "Meulders,R"]
[PlyCount "43"]
[EventDate "2005.02.15"]
[EventType "swiss"]
[EventRounds "9"]
[EventCountry "RUS"]
[SourceTitle "CBM 106"]
[Source "ChessBase"]
[SourceDate "2005.06.06"]
[SourceVersion "1"]
[SourceVersionDate "2005.06.06"]
[SourceQuality "1"]

1. d4 d6 2. Nf3 Nf6 3. c4 Nbd7 4. Nc3 e5 5. Bg5 h6 6. Bh4 exd4 7. Nxd4 Be7 8.
Nf5 g5 (8... O-O 9. Qd4 c5 10. Qf4 $16) 9. Bg3 Nc5 10. Nxe7 Qxe7 11. Qd4 Bf5 $5
{RR: Eine nette Falle in bedrängter Lage.} 12. O-O-O $1 {RR: Weiß steht besser
und hat es nicht nötig, sich auf Risiken einzulassen.} (12. Nd5 $2 Nxd5 $1 13.
Qxh8+ Kd7 14. Qxa8 {RR: In einer praktischen Partie wird der Weiße solche
Stellungen nach Möglichkeit vermeiden.} Qf6 $1 (14... Nb4 15. Rd1 Ne4 16. Rd5
$3 {/\} Qf6 17. Be5) 15. cxd5 Qxb2 16. f3 Nd3+ $1 17. exd3 Qxa1+ 18. Kf2 Qd4+
$11) 12... O-O-O 13. f3 Kb8 14. e4 Bc8 15. h4 Nh5 $2 (15... g4 16. Bf2 b6 17.
Kb1 $16) 16. Nd5 Qd7 17. Bf2 {[%csl Ra7][%cal Gf2a7]} Qa4 (17... b6 18. hxg5
hxg5 19. Rxh5 Rxh5 20. Nf6 $18) 18. Nc3 Qa5 19. hxg5 hxg5 20. g4 {[%csl Rh8]}
Ne6 21. Qd5 $1 {[%csl Ra5]} Qxd5 22. exd5 {[%csl Re6,Rh5]} 1-0